Name a valid country - Statistics

General Stats
  • This quiz has been taken 2,028 times
  • The average score is 9 of 10
Answer Stats
Hint Answer % Correct
Countries that speak Russian officially Belarus/Kazakhstan/Kyrgyzstan/Russia
100%
That was part of the USSR Russia/Estonia/Latvia/Lithuania/Belarus/Ukraine/Moldova/Georgia/Armenia/Azerbaijan/Kazakhstan/Uzbekistan/Tajikistan/Turkmenistan/Kyrgyzstan
96%
Has a population under 100,000 Seychelles/Antigua and Barbuda/Andorra/Dominica/Marshall Islands/ St Kitts and Nevis/Liechtenstein/Monaco/San Marino/Palau/Nauru/Tuvalu/Vatican City
96%
Countries that still have the death sentence Bangladesh/China/Egypt/Ethiopia/India/Indonesia/Iran/Japan/Nigeria/Saudi Arabia/South Korea/Sri Lanka/Taiwan/United States of America
94%
That uses a type of Dollar apart from the USA Antigua and Barbuda/Australia/Bahamas/Barbados/Belize/Brunei/Canada/Dominica/East Timor/Ecuador/El Salvador/Fiji/Grenada/Guyana/Jamaica/Kiribati/Liberia/Marshall Islands/ Federated States of Micronesia/Namibia/Nauru/New Zealand/Palau/Saint Kitts and Nevis/St Lucia/ Saint Vincent and the Grenadines/Singapore/Solomon Islands/Suriname/Taiwan/Trinidad and Tobago/Tuvalu/Zimbabwe
93%
Thats capital city beginning with W Poland/United States of America/New Zealand/Namibia
92%
Countries that speak more that 300 languages United States of America/India/Nigeria/Indonesia/Papua New Guinea
92%
Which is a Baltic State Latvia/Lithuania/Estonia
89%
Has an average internet connection speed of more than 20 Mb/s Denmark/Japan/France/Finland/Switzerland/Sweden/Norway/South Korea
87%
Has a life expectancy under 53 Eswatini/Gabon/Afghanistan/Guinea Bissau/Chad
69%
No matching quizzes found
Score Distribution
Percent of People with Each Score
Percentile by Number Answered
Your Score History
You have not taken this quiz